Oracle 8i certified professional DBA Certification Exam guide (0 07 213060 1)

Shranjeno v:
Bibliografske podrobnosti
Glavni avtor: JASON S COUCHMAN
Format: Knjiga
Jezik:Undetermined
Izdano: Mc Graw-Hill 2001
Oznake: Označite
Brez oznak, prvi označite!
Thư viện lưu trữ: Trung tâm Học liệu Trường Đại học Cần Thơ
LEADER 00441nam a2200145Ia 4500
001 CTU_49436
008 210402s9999 xx 000 0 und d
082 |a 005.7585 
082 |b C853p 
100 |a JASON S COUCHMAN 
245 0 |a Oracle 8i certified professional DBA Certification Exam guide (0 07 213060 1) 
245 0 |c JASON S COUCHMAN 
260 |b Mc Graw-Hill 
260 |c 2001 
980 |a Trung tâm Học liệu Trường Đại học Cần Thơ